ইতিহাসের খেরোখাতা / (Record no. 1115)
[ view plain ]
| 000 -LEADER | |
|---|---|
| fixed length control field | 00666nam a2200229 a 4500 |
| 001 - CONTROL NUMBER | |
| JCCL Control Number | 1115 |
| 003 - CONTROL NUMBER IDENTIFIER | |
| JCCL marc code | BD-JhCC |
| 005 - DATE AND TIME OF LATEST TRANSACTION | |
| control field | 20171015122449.0 |
| 008 - FIXED-LENGTH DATA ELEMENTS--GENERAL INFORMATION | |
| fixed length control field | 171015s2006 bg a|||| ||a| 000 0 ben d |
| 020 ## - INTERNATIONAL STANDARD BOOK NUMBER | |
| International Standard Book Number | 9844832276 |
| 035 ## - SYSTEM CONTROL NUMBER | |
| system control number | (BD-JhCC)1115 |
| 040 ## - CATALOGING SOURCE | |
| Original cataloging agency | BD-JhCC |
| Modifying agency | BD-JhCC |
| 041 ## - LANGUAGE CODE | |
| Language code of Book | ben |
| 082 ## - DEWEY DECIMAL CLASSIFICATION NUMBER | |
| Classification number | 909 |
| Author mark and Year | DBN 2006 |
| 100 ## - MAIN ENTRY--PERSONAL NAME | |
| Personal name | দেবনাথ, দিলীপ |
| 245 ## - TITLE STATEMENT | |
| Title | ইতিহাসের খেরোখাতা / |
| Statement of responsibility, etc | দিলীপ দেবনাথ |
| 260 ## - PUBLICATION, DISTRIBUTION, ETC. (IMPRINT) | |
| Place of publication, distribution, etc | ঢাকা : |
| Name of publisher, distributor, etc | দিব্যপ্রকাশ, |
| Date of publication, distribution, etc | ২০০৬. |
| 300 ## - PHYSICAL DESCRIPTION | |
| Pagination | 253 p. : |
| Other physical details | ill. ; |
| Dimensions | 22 cm. |
| 650 ## - SUBJECT ADDED ENTRY--TOPICAL TERM | |
| Topical term or geographic name as entry element | Civilization |
| 942 ## - ADDED ENTRY ELEMENTS (KOHA) | |
| Source of classification or shelving scheme | Dewey Decimal Classification |
| Koha item type | Books |
| Source of classification or shelving scheme | Damaged status | Not for loan | Home library | Current library | Shelving location | Date of accession | Cost, normal purchase price | Total Checkouts | Full call number | Barcode | Date last seen | Date checked out | Copy number | Koha item type |
|---|---|---|---|---|---|---|---|---|---|---|---|---|---|---|
| Dewey Decimal Classification | JCC Rouf Library | JCC Rouf Library | General Stacks | 10/15/2017 | 250.00 | 3 | 909 DBN 2006 | 2106 | 12/10/2024 | 12/08/2024 | C-1 | Books |